French African Territories in 1945 - Statistics

General Stats
  • This quiz has been taken 16 times
  • The average score is 19 of 21
Answers on the Map
Answers color-coded by a green-red scale on the quiz's map according to % correct below.
 
Answer Stats
Answer % Correct
Algeria
100%
Morocco
100%
Benin
93%
Ivory Coast
93%
Madagascar
93%
Mali
93%
Niger
93%
Togo
93%
Tunisia
93%
Burkina Faso
86%
Cameroon
86%
Central African Republic
86%
Chad
86%
Gabon
86%
Guinea
86%
Mauritania
86%
Republic of the Congo
86%
Senegal
86%
Comoros
79%
Djibouti
79%
Libya
79%
No matching quizzes found
Score Distribution
Percent of People with Each Score
Percentile by Number Answered
Your Score History
You have not taken this quiz